Catálogo público

Sistema producto mero (Epinephelinae) / (Record no. 172525)

MARC details
000 -CABECERA
campo de control de longitud fija 02067nam a2200397Ia 4500
001 - NÚMERO DE CONTROL
campo de control dia_1764
003 - IDENTIFICADOR DEL NÚMERO DE CONTROL
campo de control CHAP
005 - FECHA Y HORA DE LA ÚLTIMA TRANSACCIÓN
campo de control 20250730182742.0
007 - CAMPO FIJO DE DESCRIPCIÓN FÍSICA--INFORMACIÓN GENERAL
campo de control de longitud fija ta
008 - DATOS DE LONGITUD FIJA--INFORMACIÓN GENERAL
campo de control de longitud fija 220117s2016 mx f 001 0 spa d
040 ## - FUENTE DE LA CATALOGACIÓN
Centro/agencia transcriptor CHAP
Centro catalogador/agencia de origen mxchpua
090 ## - LOCALMENTE ASIGNADO TIPO-LC NÚMERO DE CLASIFICACIÓN (OCLC); NÚMERO DE CLASIFICACIÓN LOCAL (RLIN)
Número de clasificación (OCLC) (R) ; Numero de clasificación, CALL (RLIN) (NR) T.C.710
Número cutter local (OCLC) ; Número de libro/Signatura topográfica íntegra, CALL (RLIN) L67 SAI
Año 2016
245 10 - MENCIÓN DE TÍTULO
Título Sistema producto mero (Epinephelinae) /
Mención de responsabilidad, etc. coordinador Vicente López Bautista ; colaboradores Erick Sebastián Aparicio Jiménez...[y otros]
260 ## - PUBLICACIÓN, DISTRIBUCIÓN, ETC.
Lugar de publicación, distribución, etc. México :
Nombre del editor, distribuidor, etc. El autor,
Fecha de publicación, distribución, etc. 2016
300 ## - DESCRIPCIÓN FÍSICA
Extensión vi, 92 hojas :
Otras características físicas ilustraciones, fotos
336 ## - TIPO DE CONTENIDO
Fuente rdacontent
Término de tipo de contenido texto
Código de tipo de contenido txt
337 ## - TIPO DE MEDIO
Fuente rdamedia
Nombre/término del tipo de medio no mediado
Código del tipo de medio n
338 ## - TIPO DE SOPORTE
Fuente rdacarrier
Nombre/término del tipo de soporte volumen
Código del tipo de soporte nc
500 ## - NOTA GENERAL
Nota general Grado: 6° año Grupo: 01
502 ## - NOTA DE TESIS
Nota de tesis Viaje de estudios
Tipo de título (SAI) --
Nombre de la institución que otorga el título UACh. Departamento de Ingeniería Agroindustrial,
Año de obtención del título 2016
504 ## - NOTA DE BIBLIOGRAFÍA, ETC.
Nota de bibliografía, etc. Bibliografía: hoja 92
505 00 - NOTA DE CONTENIDO CON FORMATO
Título Empresas visitadas: --<br/>1. Industria pesquera del Sureste, S. A. de C. V. -- <br/>2. EUROEMPACK -- <br/>3. Distribuidora el Tigre del Sureste, S. A. de C. V. -- <br/>4. Artes de pesca Fishing Boutique -- <br/>5. Congeladora Ora Maryuc, S. A. de C. V. -- <br/>6. Maspesca, S. A. de C. V. -- <br/>7. Pulmeros -- <br/>8. Tropesca -- <br/>9. UNAM SASL -- <br/>10. CINVESTAV -- <br/>11. Comercializadora Océanica, S. A. de C. V. -- <br/>12. Costa Pura, S. A. de C. V. -- <br/>13. PULPESMAR, S. de R. L. de C. V. -- <br/>14. Hielos MASPESCA -- <br/>15. Gran Mar -- <br/>16. CONAPESCA -- <br/>17. FIRCO -- <br/>18. Caiman Products -- <br/>19. Auténticos Pescadores del Golfo -- <br/>20. CESAY -- <br/>21. COFEPRIS
650 10 - PUNTO DE ACCESO ADICIONAL DE MATERIA--TÉRMINO DE MATERIA
Término de materia o nombre geográfico como elemento de entrada Industria pesquera
Subdivisión geográfica México
-- Yucatán
9 (RLIN) 152012
650 13 - PUNTO DE ACCESO ADICIONAL DE MATERIA--TÉRMINO DE MATERIA
Término de materia o nombre geográfico como elemento de entrada Mero
9 (RLIN) 152013
650 10 - PUNTO DE ACCESO ADICIONAL DE MATERIA--TÉRMINO DE MATERIA
Término de materia o nombre geográfico como elemento de entrada Fish industry
Subdivisión geográfica Mexico
-- Yucatán
9 (RLIN) 152010
650 13 - PUNTO DE ACCESO ADICIONAL DE MATERIA--TÉRMINO DE MATERIA
Término de materia o nombre geográfico como elemento de entrada Grouper
9 (RLIN) 152011
700 1# - PUNTO DE ACCESO ADICIONAL--NOMBRE DE PERSONA
Nombre de persona López Bautista, Vicente
9 (RLIN) 147030
Término indicativo de función/relación coordinador
700 1# - PUNTO DE ACCESO ADICIONAL--NOMBRE DE PERSONA
Nombre de persona Aparicio Jiménez, Erick Sebastián
9 (RLIN) 152014
Término indicativo de función/relación colaborador
856 ## - LOCALIZACIÓN Y ACCESO ELECTRÓNICOS
Identificador Uniforme del Recurso <a href="http://10.13.5.2/ve/TC710SAI/TC710SAI2016-REPORTE.pdf">http://10.13.5.2/ve/TC710SAI/TC710SAI2016-REPORTE.pdf</a>
Texto de enlace DESCARGAR REPORTE
942 ## - ELEMENTOS DE PUNTO DE ACCESO ADICIONAL (KOHA)
Fuente del sistema de clasificación o colocación Clasificación Universidad Autónoma de Chapingo
901 ## - ELEMENTOS DE DATOS A LOCAL LDA (RLIN)
a T.C.710 L67 SAI 2016
902 ## - ELEMENTOS DE DATOS B LOCAL, LDB (RLIN)
a M
905 ## - ELEMENTOS DE DATOS E LOCAL, LDE (RLIN)
a 5232272016 mx dnl 9283123322spa16
942 ## - ELEMENTOS DE PUNTO DE ACCESO ADICIONAL (KOHA)
Tipo de ítem Koha Viaje de Estudios
Holdings
Estado de retiro Estado de pérdida Fuente del sistema de clasificación o colocación Estado dañado Restricciones de uso No para préstamo Código de colección Localización permanente Ubicación/localización actual Fecha de adquisición Fuente de adquisición Total de préstamos Signatura topográfica completa Código de barras Fecha visto por última vez Número de copia Precio válido a partir de Tipo de ítem Koha Fecha del último préstamo Ubicación en estantería
    Clasificación Universidad Autónoma de Chapingo   Préstamo interno   Viajes de Estudio Ingenieria Agroindustrial Ingenieria Agroindustrial 18/01/2022 El autor   T.C.710 L67 SAI 2016 1106010230 18/01/2022 Ej.3 18/01/2022 CD    
    Clasificación Universidad Autónoma de Chapingo   Préstamo interno   Viajes de Estudio Ingenieria Agroindustrial Ingenieria Agroindustrial 18/01/2022 El autor   T.C.710 L67 SAI 2016 1106010218 26/01/2026 Ej.1 18/01/2022 Viaje de Estudios    
    Clasificación Universidad Autónoma de Chapingo   Préstamo 5 días   Viajes de Estudio Ingenieria Agroindustrial Ingenieria Agroindustrial 18/01/2022 El autor 1 T.C.710 L67 SAI 2016 1106010229 26/01/2026 Ej.2 18/01/2022 Viaje de Estudios 15/05/2024  
    Clasificación Universidad Autónoma de Chapingo       Viajes de estudio - En línea Ingenieria Agroindustrial Ingenieria Agroindustrial 18/01/2022 El autor   T.C.710 L67 SAI 2016 1206010218 03/05/2024   03/05/2024 Viajes de Estudio - En línea   En línea